000 00432nam a2200169Ia 4500
005 20260429111912.0
008 260429s9999||||xx |||||||||||||| ||und||
020 _a9788119671847
041 _aEnglish
082 _a551
_bPAC
100 _aPackard, JR.
245 0 _aFirst lessons in geology /
_cJR. Packard
260 _aChennai :
_bNational Academic Press,
_c2024.
300 _a119 p.; hb
650 _aGeology
942 _cTB
999 _c51346
_d51346